000 00310nam a22001337a 4500
008 170216b xxu||||| |||| 00| 0 eng d
020 _a9780123694171
041 _aeng
080 _22ND
_a615
100 _a5
101 _aSHF
245 _aPRINCIPLES OF CLINICAL PHARMACOLOGY
_cATKINSON, A.J
942 _2udc
_cBK
999 _c5727
_d5727